Γεωργία ακριβείας

Αποθηκεύτηκε σε:
Λεπτομέρειες βιβλιογραφικής εγγραφής
Κύριος συγγραφέας: Brase, Terry A. (Συγγραφέας)
Άλλοι συγγραφείς: Τσετσενέκου, Αλεξάνδρα Γ. (trlf), Γεωργόπουλος, Ευστράτιος Φ. (Επιμελητής έκδοσης)
Μορφή: Βιβλίο
Γλώσσα:Greek
English
Δημοσίευση: [Αθήνα] : Εκδόσεις Έμβρυο, c2009.
Θέματα:
Ετικέτες: Προσθήκη ετικέτας
Δεν υπάρχουν, Καταχωρήστε ετικέτα πρώτοι!

MARC

LEADER 00000cam a2200000 a 4500
001 1/122116
008 200922s2009####gr | ||| |||| ||gre||
020 |a 9789608002487  |q (χαρτόδετο) 
040 |a GR-MyUa  |b gre  |c GR-MyUa  |e AACR2 
041 1 |a gre  |h eng 
082 7 |a 630.15118  |2 (23) 
100 1 |a Brase, Terry A.  |e aut 
245 1 0 |a Γεωργία ακριβείας /   |c Terry A. Brase ; μετάφραση: Αλεξάνδρα Γ. Τσετσενέκου ; επιστημονική επιμέλεια : Ευστράτιος Φ. Γεωργόπουλος.  
260 |a [Αθήνα] :   |b Εκδόσεις Έμβρυο,   |c c2009.  
300 |a 416 σ. :   |b εικ., σχέδια ;   |c 24 εκ.  
504 |a Βιβλιογραφία : σ. 408. Ευρετήριο : σ. 409-415.  
650 0 |a Agriculture  |x Mathematical models. 
650 0 |a Agriculture  |x Statistical methods. 
650 0 |a Spatial analysis (Statistics) 
650 0 |a Precision farming. 
700 1 |a Τσετσενέκου, Αλεξάνδρα Γ.  |e trlf 
700 1 |a Γεωργόπουλος, Ευστράτιος Φ.  |e edt 
765 0 8 |i Μετάφραση του:   |t Precision agriculture /  
852 |a INST  |b LEMNOS  |c EUDOXUS  |e 20200922  |h 630.15118  |p 005600003511  |q 005600003511  |t EDX  |y 0 
920 |a Εύδοξος  |b Παραγγελία  |y Λήμνος-ΤΕΤΔ  |z 2020-07 
970 |a Πανταζή   |b Αντωνία   |z 22/09/2020